[Event "Arnold Cup"]
[Site "Gausdal"]
[Date "1992.??.??"]
[Round "2"]
[White "Lawson, David"]
[Black "Wegner, Hannu"]
[Result "1/2-1/2"]
[WhiteElo "2255"]
[BlackElo "2365"]
[PlyCount "30"]
[EventDate "1992.04.??"]
[EventType "swiss"]
[EventRounds "9"]
[EventCountry "NOR"]
[SourceTitle "TD"]
[Source "ChessBase"]
[SourceDate "1994.03.01"]
[SourceVersion "1"]
[SourceVersionDate "1994.03.01"]
[SourceQuality "1"]

1. e4 e5 2. Nc3 Nc6 3. f4 exf4 4. Nf3 d6 5. d4 g5 6. d5 Ne5 7. Bb5+ Bd7 8. Bxd7+ Kxd7 9. h4 Bh6 10. Qd4 Qf6 11. Qa4+ Kd8 12. Bd2 Ne7 13. 0-0-0 N7g6 14. hxg5 Bxg5 15. Ne2 h6 1/2-1/2

[Event "Hamburg op"]
[Site "Hamburg"]
[Date "1992.??.??"]
[Round "4"]
[White "Tatenhorst, Volker"]
[Black "Wegner, Hannu"]
[Result "1/2-1/2"]
[WhiteElo "2230"]
[BlackElo "2365"]
[PlyCount "46"]
[EventDate "1992.10.??"]
[EventType "swiss"]
[EventRounds "9"]
[EventCountry "GER"]
[SourceTitle "EXT 1997"]
[Source "ChessBase"]
[SourceDate "1996.11.15"]
[SourceVersion "1"]
[SourceVersionDate "1996.11.15"]
[SourceQuality "1"]

1. d4 d5 2. c4 dxc4 3. Nf3 a6 4. g3 b5 5. Bg2 Bb7 6. 0-0 e6 7. a4 c5 8. b3 b4 9. bxc4 cxd4 10. a5 Nf6 11. Bb2 Be7 12. Bxd4 Nbd7 13. Nbd2 0-0 14. Qb1 Qc7 15. Qb2 Rfe8 16. Rfc1 Rab8 17. Nb3 Bxf3 18. Bxf3 e5 19. Be3 Nc5 20. Bd5 Nxb3 21. Qxb3 Bc5 22. Bxc5 Qxc5 23. e4 Rec8 1/2-1/2